| 000 | 01199cam a22002771i 4500 | ||
|---|---|---|---|
| 003 | SA-RiAUC | ||
| 005 | 20260127132131.0 | ||
| 008 | 260126s1993 ||| g 000 0 ara c | ||
| 040 |
_aSA-JeALM _bara _cSA-RiAUC _erda |
||
| 043 | _ae-bn--- | ||
| 082 | 0 | 4 | _a250.9497 |
| 090 |
_a250.9497 _bك ا ر |
||
| 100 | 1 |
_aكارجيتش، فكرت، _d1955-2022 _eمؤلف. |
|
| 245 | 1 | 0 |
_aتاريخ التشريع الإسلامي في البوسنة والهرسك / _cفكرت كارجيتش. |
| 250 | _aالطبعة الاولى. | ||
| 264 | 1 |
_aاستنبول - نركيا : _bكوبا ، _bمركز البلقان للدراسات والابحاث العلمية . _c1993 |
|
| 300 |
_a90 صفحة. _c24 سم. |
||
| 336 |
_aنص _btxt _2rdacontent _3كتاب |
||
| 337 |
_aبدون وسيط _bn _2rdamedia |
||
| 490 | 1 |
_aالدراسات والأبحاث العلمية _v1 |
|
| 650 | 7 |
_aالشريعة الإسلامية _xتاريخ _zالبوسنة والهرسك _2aucsh |
|
| 650 | 7 |
_aالفقه الإسلامي _zالبوسنة والهرسك _xتاريخ _2aucsh |
|
| 830 | 2 | _aالدراسات والأبحاث العلمية | |
| 942 |
_2ddc _cBOOK _n0 |
||
| 949 |
_aSA-JeALM _d260126 _uosman123 _n1 |
||
| 999 |
_c14190 _d14190 |
||